[Event "IND-ch (Women) 48th"]
[Site "Hatkanangale"]
[Date "2022.12.27"]
[Round "2"]
[White "Nimmy, A George"]
[Black "Khairmode, Dhanashree"]
[Result "1-0"]
[WhiteElo "2110"]
[BlackElo "1728"]
[PlyCount "105"]
[EventDate "2022.12.26"]
[EventType "swiss"]
[EventRounds "11"]
[EventCountry "IND"]
[SourceTitle "CBM 212 Extra"]
[Source "ChessBase"]
[SourceDate "2023.03.31"]
[SourceVersion "1"]
[SourceVersionDate "2023.03.31"]
[SourceQuality "1"]

1. e4 c5 2. Nf3 d6 3. d4 cxd4 4. Nxd4 Nf6 5. Nc3 a6 6. Be2 e6 7. 0-0 Be7 8. f4 Qc7 9. Bf3 0-0 10. Kh1 Nc6 11. Be3 Nxd4 12. Qxd4 e5 13. Qd2 exf4 14. Bxf4 Be6 15. Rad1 Rfd8 16. Qf2 Nd7 17. Nd5 Bxd5 18. Rxd5 Ne5 19. Bh5 Bf6 20. Rfd1 Qc4 21. Bxe5 dxe5 22. Bxf7+ Kxf7 23. Rxd8 Rxd8 24. Rxd8 Qxe4 25. h3 h6 26. Rd7+ Kg8 27. Qd2 Kh8 28. Rc7 Qf5 29. Qe2 e4 30. Rc4 Bxb2 31. Rxe4 Bf6 32. Re8+ Kh7 33. Qd3 Qxd3 34. cxd3 b6 35. Re6 Bd4 36. Re4 Bf2 37. g4 Kg8 38. Kg2 Bc5 39. d4 Bd6 40. Re6 Bc7 41. Rc6 Bf4 42. Rxb6 Be3 43. Rxa6 Bxd4 44. Rd6 Bc5 45. Rd7 Ba3 46. Kf3 Kf8 47. Ke4 Bb2 48. Kf5 Ke8 49. Ke6 Bf6 50. a4 Bg5 51. a5 Bh4 52. a6 Bf2 53. a7 1-0

[Event "Budapest Vezerkepzo IM 05"]
[Site "Budapest"]
[Date "2022.05.24"]
[Round "9"]
[White "Nimmy, A George"]
[Black "Bogdanov, Egor"]
[Result "0-1"]
[WhiteElo "2098"]
[BlackElo "2415"]
[PlyCount "84"]
[EventDate "2022.05.18"]
[EventType "tourn"]
[EventRounds "9"]
[EventCountry "HUN"]
[SourceTitle "CBM 209 Extra"]
[Source "ChessBase"]
[SourceDate "2022.09.30"]
[SourceVersion "1"]
[SourceVersionDate "2022.09.30"]
[SourceQuality "1"]

1. e4 g6 2. d4 Bg7 3. Nc3 d6 4. f4 a6 5. Nf3 b5 6. Bd3 Nd7 7. e5 c5 8. Be4 Rb8 9. 0-0 b4 10. Ne2 Qc7 11. Be3 Nh6 12. Ng5 0-0 13. exd6 exd6 14. f5 Ng4 15. Bf4 h6 16. Nf3 g5 17. Bc1 Re8 18. Ng3 Ndf6 19. Bd3 c4 20. Be2 Nd5 21. Re1 Nge3 22. Bxe3 Nxe3 23. Qd2 Nxf5 24. Nh5 g4 25. Nxg7 Kxg7 26. Bd1 Be6 27. Ng5 hxg5 28. Qxg5+ Kf8 29. Bxg4 Qd8 30. Qh5 Qh4 31. Rxe6 fxe6 32. Qg6 Rb7 33. Bh5 Qxd4+ 34. Kh1 Ree7 35. g4 Qe4+ 36. Kg1 Rf7 37. Rf1 Qe3+ 38. Kh1 Ng3+ 39. Kg2 Nxf1 40. g5 Qf2+ 41. Kh3 Qxh2+ 42. Kg4 Ne3# 0-1

[Event "Budapest Vezerkepzo IM 05"]
[Site "Budapest"]
[Date "2022.05.23"]
[Round "8"]
[White "Forgacs, Attila Jr"]
[Black "Nimmy, A George"]
[Result "1-0"]
[WhiteElo "2234"]
[BlackElo "2098"]
[PlyCount "97"]
[EventDate "2022.05.18"]
[EventType "tourn"]
[EventRounds "9"]
[EventCountry "HUN"]
[SourceTitle "CBM 209 Extra"]
[Source "ChessBase"]
[SourceDate "2022.09.30"]
[SourceVersion "1"]
[SourceVersionDate "2022.09.30"]
[SourceQuality "1"]

1. e4 c5 2. Nf3 d6 3. d4 cxd4 4. Nxd4 Nf6 5. Nc3 Nc6 6. Bg5 e6 7. Qd2 a6 8. 0-0-0 Bd7 9. f4 b5 10. Bxf6 gxf6 11. Nxc6 Bxc6 12. Qe3 Be7 13. Kb1 b4 14. Ne2 Qa5 15. Nd4 Qc5 16. Qd3 Bb7 17. Be2 h5 18. Rhf1 h4 19. f5 e5 20. Nb3 Qb6 21. Nd2 Qc5 22. Nc4 a5 23. Ne3 Rc8 24. Rf3 Bd8 25. Rh3 Ke7 26. g3 a4 27. Nd5+ Bxd5 28. exd5 a3 29. b3 Bb6 30. gxh4 Qf2 31. Rf1 Qg2 32. Qf3 Qg7 33. Bc4 Bd4 34. Rd1 Bc5 35. h5 Qg5 36. Be2 Rcg8 37. Rg3 Qh4 38. Qg2 Rg5 39. Rxg5 fxg5 40. Bg4 Qf2 41. Qxf2 Bxf2 42. Rf1 Be3 43. Re1 Bd4 44. Kc1 Kf6 45. Rd1 Be3+ 46. Kb1 Rc8 47. Rd3 Bd4 48. Kc1 Kg7 49. f6+ 1-0

[Event "Budapest Vezerkepzo IM 05"]
[Site "Budapest"]
[Date "2022.05.23"]
[Round "7"]
[White "Nimmy, A George"]
[Black "Neverov, Valeriy"]
[Result "1-0"]
[WhiteElo "2098"]
[BlackElo "2440"]
[PlyCount "89"]
[EventDate "2022.05.18"]
[EventType "tourn"]
[EventRounds "9"]
[EventCountry "HUN"]
[SourceTitle "CBM 209 Extra"]
[Source "ChessBase"]
[SourceDate "2022.09.30"]
[SourceVersion "1"]
[SourceVersionDate "2022.09.30"]
[SourceQuality "1"]

1. e4 c5 2. Nf3 d6 3. d4 cxd4 4. Nxd4 Nf6 5. Nc3 Nc6 6. Be3 e5 7. Nb3 Be7 8. Be2 0-0 9. 0-0 Be6 10. f4 exf4 11. Bxf4 Rc8 12. Qe1 Ne8 13. Rd1 Bg5 14. Qg3 Bxf4 15. Rxf4 Ne5 16. Kh1 a6 17. Nd4 Nf6 18. Nf5 Bxf5 19. Rxf5 Re8 20. h3 Re6 21. Rdf1 Kh8 22. Bd3 g6 23. R5f2 Nh5 24. Qh2 Qh4 25. Ne2 Kg7 26. g3 Qg5 27. g4 Nf6 28. Nd4 Rce8 29. Nxe6+ Rxe6 30. Qf4 Qh4 31. Kg2 h6 32. Qg3 Qxg3+ 33. Kxg3 Ned7 34. b4 Kf8 35. h4 Ke7 36. g5 hxg5 37. hxg5 Nh5+ 38. Kh4 f6 39. gxf6+ Ndxf6 40. Kg5 b5 41. Kxg6 d5 42. exd5 Rd6 43. Re1+ Kd7 44. Bf5+ Kd8 45. Be6 1-0

[Event "Budapest Vezerkepzo IM 05"]
[Site "Budapest"]
[Date "2022.05.21"]
[Round "5"]
[White "Laddha, Shubh Jayesh"]
[Black "Nimmy, A George"]
[Result "0-1"]
[WhiteElo "2177"]
[BlackElo "2098"]
[PlyCount "142"]
[EventDate "2022.05.18"]
[EventType "tourn"]
[EventRounds "9"]
[EventCountry "HUN"]
[SourceTitle "CBM 209 Extra"]
[Source "ChessBase"]
[SourceDate "2022.09.30"]
[SourceVersion "1"]
[SourceVersionDate "2022.09.30"]
[SourceQuality "1"]

1. e4 c5 2. Nf3 d6 3. d4 cxd4 4. Nxd4 Nf6 5. Nc3 Nc6 6. Bg5 e6 7. Qd2 a6 8. 0-0-0 Bd7 9. f3 h6 10. Be3 b5 11. Nxc6 Bxc6 12. Ne2 Qc7 13. Nd4 Bb7 14. g4 Rc8 15. Kb1 e5 16. Nf5 d5 17. exd5 Nxd5 18. Bd3 Nxe3 19. Qxe3 g6 20. Ng3 Bg7 21. h4 0-0 22. h5 e4 23. Nxe4 Qe5 24. Qc1 f5 25. gxf5 gxf5 26. Nd2 Rfd8 27. Rhe1 Qf6 28. Be2 Kh8 29. Nb3 Re8 30. Nd4 Rcd8 31. c3 b4 32. Qf4 bxc3 33. bxc3 Qb6+ 34. Ka1 Qa5 35. Qd2 Bd5 36. Bd3 Rxe1 37. Rxe1 Bxa2 38. Kb2 Rxd4 39. Ra1 Rb4+ 40. Kc1 Qa3+ 41. Kd1 Rb2 42. Bc2 Rb8 43. Qd3 Rf8 44. Kd2 Qa5 45. Ke2 Qe5+ 46. Kf1 Qe6 47. Kg2 Bc4 48. Qd2 Qe2+ 49. Qxe2 Bxe2 50. Ra3 Bb5 51. f4 Rf7 52. Rb3 Bf8 53. Kf3 Kg7 54. c4 Bxc4 55. Rb6 Rf6 56. Rb7+ Bf7 57. Kg3 Kg8 58. Kh4 Kg7 59. Bb3 Kg8 60. Bc2 Bd6 61. Kg3 Bxh5 62. Rd7 Rg6+ 63. Kh4 Bg4 64. Bb3+ Kf8 65. Rf7+ Ke8 66. Bd5 Be7+ 67. Kg3 Bh5+ 68. Kh3 Rg3+ 69. Kxg3 Bxf7 70. Bc6+ Kd8 71. Kf3 Kc7 0-1

[Event "Asian Online (Women)"]
[Site "Tornelo INT"]
[Date "2021.08.25"]
[Round "7"]
[White "Rouda Essa, Alserkal"]
[Black "Nimmy, A George"]
[Result "0-1"]
[WhiteElo "1504"]
[BlackElo "2118"]
[PlyCount "96"]
[EventDate "2021.08.23"]
[EventType "swiss (rapid)"]
[EventRounds "9"]
[EventCountry "NET"]
[SourceTitle "CBM 204 Extra"]
[Source "ChessBase"]
[SourceDate "2021.11.30"]
[SourceVersion "1"]
[SourceVersionDate "2021.11.30"]
[SourceQuality "1"]

1. e4 c5 2. Nf3 d6 3. d4 cxd4 4. Nxd4 Nf6 5. f3 e5 6. Nb3 Be6 7. c4 Nbd7 8. Nc3 a6 9. Be3 Rc8 10. Nd5 Bxd5 11. cxd5 Be7 12. Be2 0-0 13. 0-0 Nh5 14. Qd2 h6 15. Na5 Bg5 16. b4 Bxe3+ 17. Qxe3 Nf4 18. Rf2 Qg5 19. Kh1 Nh3 20. Qxg5 Nxf2+ 21. Kg1 hxg5 22. Kxf2 Rc7 23. Nc4 Rd8 24. Nxd6 Nb6 25. Nf5 g6 26. Ne3 f6 27. a4 Nc8 28. Nc4 Nd6 29. Nxd6 Rxd6 30. b5 a5 31. Rb1 b6 32. Rb3 Kf7 33. Ke3 Ke7 34. Kd3 Rd8 35. Rc3 Rxc3+ 36. Kxc3 Rc8+ 37. Kd2 Kd6 38. Bd3 Rf8 39. Kc3 f5 40. Kd2 Kc5 41. Kc3 g4 42. Bc2 gxf3 43. gxf3 f4 44. Bd3 Rh8 45. Bc2 Rxh2 46. Bd3 Rf2 47. Bc2 Rxf3+ 48. Bd3 g5 0-1

[Event "Asian Online (Women)"]
[Site "Tornelo INT"]
[Date "2021.08.24"]
[Round "4"]
[White "Nimmy, A George"]
[Black "Azali, Tannaz"]
[Result "0-1"]
[WhiteElo "2118"]
[BlackElo "2110"]
[PlyCount "108"]
[EventDate "2021.08.23"]
[EventType "swiss (rapid)"]
[EventRounds "9"]
[EventCountry "NET"]
[SourceTitle "CBM 204 Extra"]
[Source "ChessBase"]
[SourceDate "2021.11.30"]
[SourceVersion "1"]
[SourceVersionDate "2021.11.30"]
[SourceQuality "1"]

1. e4 c5 2. Nf3 e6 3. d4 cxd4 4. Nxd4 Nc6 5. Nc3 Qc7 6. Be3 a6 7. a3 b5 8. Be2 Bb7 9. 0-0 Nf6 10. Kh1 Na5 11. Qd3 Rc8 12. f4 Nc4 13. Bc1 d6 14. Bf3 Be7 15. Nde2 0-0 16. b3 Nb6 17. Bb2 Nbd7 18. Nd4 Nc5 19. Qe2 Rfe8 20. Rae1 d5 21. e5 Nfe4 22. Nxe4 Nxe4 23. Bxe4 dxe4 24. Qg4 Bf8 25. Re3 g6 26. Rh3 Bg7 27. Qh4 h5 28. Re3 Rcd8 29. h3 Qe7 30. Qf2 Qc5 31. c3 Bd5 32. g4 hxg4 33. hxg4 Bb7 34. Kg2 a5 35. b4 Qd5 36. Kg3 g5 37. Kg2 gxf4 38. Qxf4 Rd7 39. Rf2 Qxe5 40. Qxe5 Bxe5 41. Nxb5 axb4 42. axb4 Bg7 43. Kg3 Bh6 44. Ree2 Rd3+ 45. Kh2 e5 46. c4 Bf4+ 47. Kg1 Rg3+ 48. Kf1 e3 49. Rh2 Rf3+ 50. Ke1 Bg3+ 51. Kd1 Rd8+ 52. Kc2 Bxh2 53. Rxh2 Rf2+ 54. Rxf2 exf2 0-1

[Event "Asian Online (Women)"]
[Site "Tornelo INT"]
[Date "2021.08.23"]
[Round "1"]
[White "Al Ghafri, Wafia"]
[Black "Nimmy, A George"]
[Result "0-1"]
[WhiteElo "1555"]
[BlackElo "2118"]
[PlyCount "20"]
[EventDate "2021.08.23"]
[EventType "swiss (rapid)"]
[EventRounds "9"]
[EventCountry "NET"]
[SourceTitle "CBM 204 Extra"]
[Source "ChessBase"]
[SourceDate "2021.11.30"]
[SourceVersion "1"]
[SourceVersionDate "2021.11.30"]
[SourceQuality "1"]

1. d4 d5 2. c4 c6 3. Nc3 Nf6 4. Nf3 dxc4 5. e3 b5 6. Be2 Bb7 7. a3 e6 8. 0-0 Nbd7 9. Bd2 Be7 10. Qc2 0-0 0-1